[Event "OeISM B U16"]
[Site "austriaU16b"]
[Date "2020.12.11"]
[Round "1"]
[White "CrushTheRush"]
[Black "Marc_m"]
[Result "0-1"]
[WhiteElo "1946"]
[BlackElo "1965"]
[Annotator "NA"]
[PlyCount "102"]
[EventDate "2020.12.11"]
[EventType "blitz"]

1. e4 {[%emt 0:00:00]} c5 {[%emt 0:00:03]} 2. Nf3 {[%emt 0:00:01]} d6 {[%emt 0:00:01]} 3. d4 {[%emt 0:00:01]} cxd4 {[%emt 0:00:00]} 4. Nxd4 {[%emt 0:00:00]} Nf6 {[%emt 0:00:00]} 5. Nc3 {[%emt 0:00:01]} a6 {[%emt 0:00:01]} 6. g3 {[%emt 0:00:02]} e5 {[%emt 0:00:01]} 7. Nde2 {[%emt 0:00:01]} Be7 {[%emt 0:00:05]} 8. Bg2 {[%emt 0:00:01]} O-O {[%emt 0:00:01]} 9. O-O {[%emt 0:00:01]} Be6 {[%emt 0:00:02]} 10. h3 {[%emt 0:00:01]} b5 {[%emt 0:00:12]} 11. Be3 {[%emt 0:00:01]} Nbd7 {[%emt 0:00:03]} 12. f4 {[%emt 0:00:02]} Rc8 {[%emt 0:00:37]} 13. a3 {[%emt 0:00:03]} Qc7 {[%emt 0:00:12]} 14. Rc1 {[%emt 0:00:01]} Nb6 {[%emt 0:00:15]} 15. b3 {[%emt 0:00:13]} Rfd8 {[%emt 0:00:13]} 16. f5 {[%emt 0:00:03]} Bd7 {[%emt 0:00:01]} 17. g4 {[%emt 0:00:05]} h6 {[%emt 0:00:23]} 18. Qe1 {[%emt 0:00:09]} Bc6 {[%emt 0:00:08]} 19. Qf2 {[%emt 0:00:03]} Rb8 {[%emt 0:00:17]} 20. Qg3 {[%emt 0:00:09]} d5 {[%emt 0:00:05]} 21. exd5 {[%emt 0:00:07]} Nbxd5 {[%emt 0:00:00]} 22. Nxd5 {[%emt 0:00:01]} Nxd5 {[%emt 0:00:00]} 23. Bf2 {[%emt 0:00:12]} Ba8 {[%emt 0:00:05]} 24. c4 {[%emt 0:00:07]} Nf4 {[%emt 0:00:14]} 25. Nxf4 {[%emt 0:00:10]} exf4 {[%emt 0:00:00]} 26. Qh2 {[%emt 0:00:02]} Bxa3 {[%emt 0:00:04]} 27. Rc2 {[%emt 0:00:07]} Bd6 {[%emt 0:00:17]} 28. Qh1 {[%emt 0:00:08]} Bxg2 {[%emt 0:00:02]} 29. Qxg2 {[%emt 0:00:00]} bxc4 {[%emt 0:00:00]} 30. Rxc4 {[%emt 0:00:05]} Qe7 {[%emt 0:00:02]} 31. Re1 {[%emt 0:00:05]} Qf6 {[%emt 0:00:02]} 32. Bd4 {[%emt 0:00:06]} Qg5 {[%emt 0:00:09]} 33. Qf3 {[%emt 0:00:04]} Rb4 {[%emt 0:00:05]} 34. Rec1 {[%emt 0:00:12]} Rxc4 {[%emt 0:00:04]} 35. Rxc4 {[%emt 0:00:00]} Qe7 {[%emt 0:00:02]} 36. Rc6 {[%emt 0:00:07]} Qe1+ {[%emt 0:00:02]} 37. Kg2 {[%emt 0:00:02]} Qd2+ {[%emt 0:00:01]} 38. Bf2 {[%emt 0:00:02]} Be5 {[%emt 0:00:02]} 39. Rxa6 {[%emt 0:00:25]} Rd3 {[%emt 0:00:08]} 40. Qa8+ {[%emt 0:00:01]} Kh7 {[%emt 0:00:01]} 41. Ra2 {[%emt 0:00:01]} Rg3+ {[%emt 0:00:15]} 42. Kf1 {[%emt 0:00:01]} Qd1+ {[%emt 0:00:01]} 43. Be1 {[%emt 0:00:01]} Qd3+ {[%emt 0:00:03]} 44. Re2 {[%emt 0:00:08]} Rf3+ {[%emt 0:00:02]} 45. Bf2 {[%emt 0:00:02]} Bd4 {[%emt 0:00:01]} 46. Kg2 {[%emt 0:00:25]} Rxf2+ {[%emt 0:00:01]} 47. Rxf2 {[%emt 0:00:01]} Qg3+ {[%emt 0:00:00]} 48. Kh1 {[%emt 0:00:01]} Qxf2 {[%emt 0:00:01]} 49. Qg2 {[%emt 0:00:00]} Qe1+ {[%emt 0:00:06]} 50. Kh2 {[%emt 0:00:03]} f3 {[%emt 0:00:00]} 51. Qxf3 {[%emt 0:00:02]} Qg1# {[%emt 0:00:01] Mate} 0-1

[Event "OeISM B U16"]
[Site "austriaU16b"]
[Date "2020.12.11"]
[Round "2"]
[White "Marc_m"]
[Black "Gor200506"]
[Result "1-0"]
[WhiteElo "1981"]
[BlackElo "1742"]
[Annotator "NA"]
[PlyCount "137"]
[EventDate "2020.12.11"]
[EventType "blitz"]

1. e4 {[%emt 0:00:02]} e6 {[%emt 0:00:01]} 2. d4 {[%emt 0:00:02]} d5 {[%emt 0:00:01]} 3. Nd2 {[%emt 0:00:00]} c5 {[%emt 0:00:04]} 4. Ngf3 {[%emt 0:00:01]} Nc6 {[%emt 0:00:02]} 5. exd5 {[%emt 0:00:02]} Qxd5 {[%emt 0:00:03]} 6. Bc4 {[%emt 0:00:20]} Qd7 {[%emt 0:00:03]} 7. dxc5 {[%emt 0:00:04]} Bxc5 {[%emt 0:00:03]} 8. O-O {[%emt 0:00:01]} Nf6 {[%emt 0:00:07]} 9. a4 {[%emt 0:00:08]} a6 {[%emt 0:00:01]} 10. b3 {[%emt 0:00:02]} O-O {[%emt 0:00:09]} 11. Bb2 {[%emt 0:00:01]} Nd4 {[%emt 0:00:28]} 12. Nxd4 {[%emt 0:00:13]} Bxd4 {[%emt 0:00:03]} 13. Bxd4 {[%emt 0:00:00]} Qxd4 {[%emt 0:00:02]} 14. Nf3 {[%emt 0:00:00]} Qxd1 {[%emt 0:00:22]} 15. Rfxd1 {[%emt 0:00:00]} Bd7 {[%emt 0:00:25]} 16. Ne5 {[%emt 0:00:03]} Rad8 {[%emt 0:00:11]} 17. Rd3 {[%emt 0:00:54]} b5 {[%emt 0:00:32]} 18. Nxd7 {[%emt 0:00:27]} bxc4 {[%emt 0:00:35]} 19. Nxf6+ {[%emt 0:00:01]} gxf6 {[%emt 0:00:00]} 20. bxc4 {[%emt 0:00:00]} Rc8 {[%emt 0:00:14]} 21. Rc3 {[%emt 0:00:01]} Rfd8 {[%emt 0:00:02]} 22. Rb1 {[%emt 0:00:09]} Rd4 {[%emt 0:00:03]} 23. c5 {[%emt 0:00:05]} Rxa4 {[%emt 0:00:03]} 24. g3 {[%emt 0:00:14]} Kf8 {[%emt 0:00:10] Gor200506 reconnected.} 25. Rb7 {[%emt 0:00:04]} Ra1+ {[%emt 0:00:03]} 26. Kg2 {[%emt 0:00:01]} Ra5 {[%emt 0:00:00]} 27. c6 {[%emt 0:00:02]} Ke8 {[%emt 0:00:01]} 28. Rd3 {[%emt 0:00:09]} Rd5 {[%emt 0:00:02]} 29. Rc3 {[%emt 0:00:32]} Rd6 {[%emt 0:00:03]} 30. Rb6 {[%emt 0:00:01]} Rc7 {[%emt 0:00:02]} 31. Rxa6 {[%emt 0:00:01]} f5 {[%emt 0:00:04]} 32. Rc5 {[%emt 0:00:02]} Ke7 {[%emt 0:00:03]} 33. h4 {[%emt 0:00:02]} Kf6 {[%emt 0:00:01]} 34. Rc3 {[%emt 0:00:05]} e5 {[%emt 0:00:02]} 35. Kf3 {[%emt 0:00:01]} h5 {[%emt 0:00:02]} 36. Rc5 {[%emt 0:00:03]} Ke6 {[%emt 0:00:01]} 37. Raa5 {[%emt 0:00:03]} f6 {[%emt 0:00:02]} 38. Ra6 {[%emt 0:00:01]} Kf7 {[%emt 0:00:01]} 39. Ke3 {[%emt 0:00:08]} Ke6 {[%emt 0:00:01]} 40. c3 {[%emt 0:00:04]} Kf7 {[%emt 0:00:02]} 41. f4 {[%emt 0:00:01]} Ke6 {[%emt 0:00:01]} 42. fxe5 {[%emt 0:00:02]} fxe5 {[%emt 0:00:00]} 43. Raa5 {[%emt 0:00:00]} Rcxc6 {[%emt 0:00:07]} 44. Rxe5+ {[%emt 0:00:01]} Kd7 {[%emt 0:00:01]} 45. Rac5 {[%emt 0:00:14]} Rxc5 {[%emt 0:00:02]} 46. Rxc5 {[%emt 0:00:00]} Ke6 {[%emt 0:00:00]} 47. Kf4 {[%emt 0:00:01]} Rd3 {[%emt 0:00:03]} 48. Re5+ {[%emt 0:00:02]} Kd6 {[%emt 0:00:04]} 49. Rxf5 {[%emt 0:00:01]} Rxc3 {[%emt 0:00:01]} 50. Rxh5 {[%emt 0:00:01]} Rc4+ {[%emt 0:00:01]} 51. Kf5 {[%emt 0:00:03]} Rc5+ {[%emt 0:00:01]} 52. Kg4 {[%emt 0:00:01]} Rc4+ {[%emt 0:00:01]} 53. Kh3 {[%emt 0:00:01]} Rc3 {[%emt 0:00:01]} 54. Rf5 {[%emt 0:00:01]} Ke6 {[%emt 0:00:01]} 55. Rf1 {[%emt 0:00:01]} Rc5 {[%emt 0:00:01]} 56. Kg4 {[%emt 0:00:02]} Ke7 {[%emt 0:00:01]} 57. h5 {[%emt 0:00:01]} Rc4+ {[%emt 0:00:02]} 58. Kg5 {[%emt 0:00:01]} Rc5+ {[%emt 0:00:01]} 59. Rf5 {[%emt 0:00:01]} Rc3 {[%emt 0:00:01]} 60. g4 {[%emt 0:00:01]} Rc6 {[%emt 0:00:02]} 61. h6 {[%emt 0:00:01]} Rc8 {[%emt 0:00:07]} 62. Kh5 {[%emt 0:00:03]} Rh8 {[%emt 0:00:02]} 63. g5 {[%emt 0:00:01]} Ke6 {[%emt 0:00:00]} 64. Rf1 {[%emt 0:00:01]} Ke7 {[%emt 0:00:01]} 65. g6 {[%emt 0:00:01]} Rg8 {[%emt 0:00:06]} 66. h7 {[%emt 0:00:01]} Rh8 {[%emt 0:00:03]} 67. Kh6 {[%emt 0:00:00]} Ke8 {[%emt 0:00:02]} 68. g7 {[%emt 0:00:01]} Ke7 {[%emt 0:00:02]} 69. gxh8=Q {[%emt 0:00:01] Gor200506 resigns (Lag: Av=0.27s, max=3.7s)} 1-0

[Event "OeISM B U16"]
[Site "austriaU16b"]
[Date "2020.12.11"]
[Round "2"]
[White "Mat_Sta"]
[Black "PatrikStar"]
[Result "1-0"]
[WhiteElo "1978"]
[BlackElo "1426"]
[Annotator "NA"]
[PlyCount "55"]
[EventDate "2020.12.11"]
[EventType "blitz"]

1. Nf3 {[%emt 0:00:02]} Nc6 {[%emt 0:00:04]} 2. g3 {[%emt 0:00:01]} Nf6 {[%emt 0:00:02]} 3. Bg2 {[%emt 0:00:01]} e5 {[%emt 0:00:01]} 4. d3 {[%emt 0:00:02]} Bc5 {[%emt 0:00:02]} 5. O-O {[%emt 0:00:03]} O-O {[%emt 0:00:01]} 6. e4 {[%emt 0:00:01]} d6 {[%emt 0:00:02]} 7. Be3 {[%emt 0:00:04]} Bxe3 {[%emt 0:00:03]} 8. fxe3 {[%emt 0:00:00]} Bg4 {[%emt 0:00:03]} 9. h3 {[%emt 0:00:04]} Bxf3 {[%emt 0:00:02]} 10. Qxf3 {[%emt 0:00:11]} Nb4 {[%emt 0:00:07]} 11. Qe2 {[%emt 0:00:04]} d5 {[%emt 0:00:03]} 12. a3 {[%emt 0:00:03]} Nc6 {[%emt 0:00:03]} 13. exd5 {[%emt 0:00:02]} Nxd5 {[%emt 0:00:02]} 14. e4 {[%emt 0:00:02]} Nf6 {[%emt 0:00:05]} 15. Nd2 {[%emt 0:00:12]} Nd4 {[%emt 0:00:02]} 16. Qd1 {[%emt 0:00:01]} c5 {[%emt 0:00:04]} 17. Nf3 {[%emt 0:00:01]} a5 {[%emt 0:00:05]} 18. Nxe5 {[%emt 0:00:05]} Re8 {[%emt 0:00:06]} 19. Nf3 {[%emt 0:00:03]} b5 {[%emt 0:00:06]} 20. a4 {[%emt 0:00:16]} b4 {[%emt 0:00:05]} 21. b3 {[%emt 0:00:13]} Qc7 {[%emt 0:00:11]} 22. Kh2 {[%emt 0:00:07]} Nh5 {[%emt 0:00:03]} 23. Nxd4 {[%emt 0:00:45]} Qxg3+ {[%emt 0:00:08]} 24. Kh1 {[%emt 0:00:18]} cxd4 {[%emt 0:00:02]} 25. Qxh5 {[%emt 0:00:03]} Re5 {[%emt 0:00:09]} 26. Qxf7+ {[%emt 0:00:02]} Kh8 {[%emt 0:00:04]} 27. Qf8+ {[%emt 0:00:01]} Rxf8 {[%emt 0:00:03]} 28. Rxf8# {[%emt 0:00:00] Mate Mate} 1-0

[Event "OeISM B U16"]
[Site "austriaU16b"]
[Date "2020.12.11"]
[Round "2"]
[White "MasterWeichhart"]
[Black "Moritz_Pernerstorfer"]
[Result "1-0"]
[WhiteElo "1797"]
[BlackElo "1661"]
[Annotator "NA"]
[PlyCount "67"]
[EventDate "2020.12.11"]
[EventType "blitz"]

1. c4 {[%emt 0:00:10]} Nf6 {[%emt 0:00:05]} 2. g3 {[%emt 0:00:02]} g6 {[%emt 0:00:01]} 3. Bg2 {[%emt 0:00:02]} Bg7 {[%emt 0:00:00]} 4. Nf3 {[%emt 0:00:01]} d6 {[%emt 0:00:02]} 5. O-O {[%emt 0:00:03]} O-O {[%emt 0:00:07]} 6. d4 {[%emt 0:00:02]} Nbd7 {[%emt 0:00:03]} 7. Nc3 {[%emt 0:00:01]} e5 {[%emt 0:00:05]} 8. e4 {[%emt 0:00:01]} Ne8 {[%emt 0:00:22]} 9. Bg5 {[%emt 0:00:18]} f6 {[%emt 0:00:09]} 10. Be3 {[%emt 0:00:02]} f5 {[%emt 0:00:03]} 11. d5 {[%emt 0:00:13]} f4 {[%emt 0:00:28]} 12. gxf4 {[%emt 0:00:02]} exf4 {[%emt 0:00:01]} 13. Bd4 {[%emt 0:00:01]} Ne5 {[%emt 0:00:08]} 14. Nxe5 {[%emt 0:00:19]} dxe5 {[%emt 0:00:07]} 15. Bc5 {[%emt 0:00:02]} Nd6 {[%emt 0:00:09]} 16. f3 {[%emt 0:00:08]} Qg5 {[%emt 0:00:17]} 17. Qe2 {[%emt 0:00:09]} h5 {[%emt 0:00:10]} 18. Kh1 {[%emt 0:00:02]} Kh7 {[%emt 0:00:17]} 19. Rg1 {[%emt 0:00:03]} Qh4 {[%emt 0:00:04]} 20. Bf2 {[%emt 0:00:04]} Qe7 {[%emt 0:00:09]} 21. c5 {[%emt 0:00:02]} Nf7 {[%emt 0:00:15]} 22. b4 {[%emt 0:00:05]} b6 {[%emt 0:00:09]} 23. c6 {[%emt 0:00:23]} Nd6 {[%emt 0:00:06]} 24. Nb5 {[%emt 0:00:05]} Ba6 {[%emt 0:00:03]} 25. a4 {[%emt 0:00:02]} Bxb5 {[%emt 0:00:13]} 26. axb5 {[%emt 0:00:00]} Qd8 {[%emt 0:00:03]} 27. Ra2 {[%emt 0:00:07]} Qb8 {[%emt 0:00:07]} 28. Rga1 {[%emt 0:00:02]} Rf7 {[%emt 0:00:05]} 29. Ra3 {[%emt 0:00:02]} Re7 {[%emt 0:00:04]} 30. Bf1 {[%emt 0:00:10]} Nc8 {[%emt 0:00:05]} 31. Be1 {[%emt 0:00:10]} Nd6 {[%emt 0:00:01]} 32. Bc3 {[%emt 0:00:02]} Nc8 {[%emt 0:00:02]} 33. Qa2 {[%emt 0:00:03]} Rf7 {[%emt 0:00:06]} 34. Bh3 {[%emt 0:00:09] TimeB} 1-0

[Event "OeISM B U16"]
[Site "austriaU16b"]
[Date "2020.12.11"]
[Round "2"]
[White "Daniel05"]
[Black "David04"]
[Result "1/2-1/2"]
[WhiteElo "1794"]
[BlackElo "2037"]
[Annotator "NA"]
[PlyCount "111"]
[EventDate "2020.12.11"]
[EventType "blitz"]

1. d4 {[%emt 0:00:02]} Nf6 {[%emt 0:00:04]} 2. c4 {[%emt 0:00:02]} g6 {[%emt 0:00:03]} 3. f3 {[%emt 0:00:02]} Nc6 {[%emt 0:00:02]} 4. d5 {[%emt 0:00:09]} Ne5 {[%emt 0:00:01]} 5. e4 {[%emt 0:00:01]} d6 {[%emt 0:00:03]} 6. Nc3 {[%emt 0:00:01]} Bg7 {[%emt 0:00:02]} 7. Be3 {[%emt 0:00:07]} O-O {[%emt 0:00:03]} 8. Qd2 {[%emt 0:00:03]} c6 {[%emt 0:00:03]} 9. h4 {[%emt 0:00:02]} h5 {[%emt 0:00:12]} 10. O-O-O {[%emt 0:00:02]} cxd5 {[%emt 0:00:05]} 11. cxd5 {[%emt 0:00:00]} Bd7 {[%emt 0:00:06]} 12. Kb1 {[%emt 0:00:02]} Qa5 {[%emt 0:00:05]} 13. Nh3 {[%emt 0:00:35]} b5 {[%emt 0:00:22]} 14. Ne2 {[%emt 0:00:19]} Qxd2 {[%emt 0:00:31]} 15. Bxd2 {[%emt 0:00:00]} Rfc8 {[%emt 0:00:16]} 16. Nd4 {[%emt 0:00:45]} a6 {[%emt 0:00:15]} 17. Be3 {[%emt 0:00:01]} Ne8 {[%emt 0:00:32]} 18. Be2 {[%emt 0:00:03]} Nc4 {[%emt 0:00:03]} 19. Bc1 {[%emt 0:00:06]} Nb6 {[%emt 0:00:23]} 20. b3 {[%emt 0:00:11]} Rc7 {[%emt 0:00:08]} 21. Bb2 {[%emt 0:00:01]} Rac8 {[%emt 0:00:02]} 22. Rc1 {[%emt 0:00:05]} Rxc1+ {[%emt 0:00:02]} 23. Rxc1 {[%emt 0:00:01]} Rxc1+ {[%emt 0:00:02]} 24. Kxc1 {[%emt 0:00:00]} Bxh3 {[%emt 0:00:04]} 25. gxh3 {[%emt 0:00:00]} Nc7 {[%emt 0:00:02]} 26. Kc2 {[%emt 0:00:29]} Kf8 {[%emt 0:00:05]} 27. f4 {[%emt 0:00:10]} Bf6 {[%emt 0:00:01]} 28. f5 {[%emt 0:00:03]} Bxh4 {[%emt 0:00:03]} 29. fxg6 {[%emt 0:00:03]} fxg6 {[%emt 0:00:00]} 30. Nc6 {[%emt 0:00:12]} Bf2 {[%emt 0:00:07]} 31. Bc1 {[%emt 0:00:07]} Ke8 {[%emt 0:00:09]} 32. Bg5 {[%emt 0:00:04]} e6 {[%emt 0:00:02]} 33. dxe6 {[%emt 0:00:12]} Nxe6 {[%emt 0:00:00]} 34. Bd2 {[%emt 0:00:03]} Nd7 {[%emt 0:00:08]} 35. Ba5 {[%emt 0:00:02]} Ndc5 {[%emt 0:00:03]} 36. Bd3 {[%emt 0:00:03]} Nxd3 {[%emt 0:00:02]} 37. Kxd3 {[%emt 0:00:00]} Nc5+ {[%emt 0:00:01]} 38. Ke2 {[%emt 0:00:02]} Nxe4 {[%emt 0:00:01]} 39. Kf3 {[%emt 0:00:01]} d5 {[%emt 0:00:01]} 40. Nb4 {[%emt 0:00:02]} Bc5 {[%emt 0:00:04]} 41. Nxd5 {[%emt 0:00:01]} Nd6 {[%emt 0:00:02]} 42. Bd2 {[%emt 0:00:01]} Kf7 {[%emt 0:00:04]} 43. Nc7 {[%emt 0:00:02]} Nf5 {[%emt 0:00:03]} 44. Nxa6 {[%emt 0:00:02]} Bd6 {[%emt 0:00:03]} 45. Ke4 {[%emt 0:00:02]} Ke6 {[%emt 0:00:00]} 46. Bb4 {[%emt 0:00:02]} g5 {[%emt 0:00:02]} 47. Nc5+ {[%emt 0:00:03]} Bxc5 {[%emt 0:00:01]} 48. Bxc5 {[%emt 0:00:00]} g4 {[%emt 0:00:01]} 49. hxg4 {[%emt 0:00:03]} hxg4 {[%emt 0:00:00]} 50. a4 {[%emt 0:00:01]} bxa4 {[%emt 0:00:01]} 51. bxa4 {[%emt 0:00:00]} Nd6+ {[%emt 0:00:01]} 52. Kf4 {[%emt 0:00:05]} Nb7 {[%emt 0:00:01]} 53. Bb6 {[%emt 0:00:02]} Kd5 {[%emt 0:00:02]} 54. Kxg4 {[%emt 0:00:01]} Kc6 {[%emt 0:00:01]} 55. a5 {[%emt 0:00:05]} Nxa5 {[%emt 0:00:02]} 56. Bxa5 {[%emt 0:00:01] (Lag: Av=0.44s, max=1.3s) No Material} 1/2-1/2

[Event "OeISM B U16"]
[Site "austriaU16b"]
[Date "2020.12.11"]
[Round "2"]
[White "gadoru"]
[Black "Schlabberteig"]
[Result "1/2-1/2"]
[WhiteElo "1694"]
[BlackElo "1704"]
[Annotator "NA"]
[PlyCount "90"]
[EventDate "2020.12.11"]
[EventType "blitz"]

1. e4 {[%emt 0:00:03]} e6 {[%emt 0:00:02]} 2. d4 {[%emt 0:00:02]} d5 {[%emt 0:00:01]} 3. Nd2 {[%emt 0:00:01]} Nf6 {[%emt 0:00:01]} 4. e5 {[%emt 0:00:01]} Nfd7 {[%emt 0:00:02]} 5. Bd3 {[%emt 0:00:01]} c5 {[%emt 0:00:01]} 6. c3 {[%emt 0:00:00]} Nc6 {[%emt 0:00:02]} 7. Ne2 {[%emt 0:00:01]} f6 {[%emt 0:00:02]} 8. exf6 {[%emt 0:00:03]} Nxf6 {[%emt 0:00:01]} 9. O-O {[%emt 0:00:04]} Bd6 {[%emt 0:00:02]} 10. Nf3 {[%emt 0:00:03]} O-O {[%emt 0:00:04]} 11. Bf4 {[%emt 0:00:09]} Bxf4 {[%emt 0:00:18]} 12. Nxf4 {[%emt 0:00:01]} cxd4 {[%emt 0:00:01]} 13. cxd4 {[%emt 0:00:02]} Qd6 {[%emt 0:00:01]} 14. g3 {[%emt 0:00:19]} e5 {[%emt 0:00:35]} 15. dxe5 {[%emt 0:00:18]} Nxe5 {[%emt 0:00:00]} 16. Nxe5 {[%emt 0:00:25]} Qxe5 {[%emt 0:00:00]} 17. Qe2 {[%emt 0:00:29]} Qd6 {[%emt 0:00:54]} 18. Rad1 {[%emt 0:00:11]} Bg4 {[%emt 0:00:02]} 19. f3 {[%emt 0:00:08]} Rae8 {[%emt 0:00:06]} 20. Qd2 {[%emt 0:00:22]} Bd7 {[%emt 0:00:07]} 21. Kg2 {[%emt 0:00:17]} Kh8 {[%emt 0:00:03]} 22. Bc4 {[%emt 0:00:17]} Bc6 {[%emt 0:00:35]} 23. Bb3 {[%emt 0:00:02]} Re5 {[%emt 0:00:09]} 24. Rfe1 {[%emt 0:00:04]} Rfe8 {[%emt 0:00:02]} 25. Rxe5 {[%emt 0:00:06]} Rxe5 {[%emt 0:00:02]} 26. Re1 {[%emt 0:00:04]} d4 {[%emt 0:00:13]} 27. Rxe5 {[%emt 0:00:06]} Qxe5 {[%emt 0:00:00]} 28. Nd3 {[%emt 0:00:02]} Qf5 {[%emt 0:00:09]} 29. Qe2 {[%emt 0:00:03]} h6 {[%emt 0:00:16]} 30. Bc2 {[%emt 0:00:01]} Qd7 {[%emt 0:00:04]} 31. Qe5 {[%emt 0:00:06]} b6 {[%emt 0:00:01]} 32. Qb8+ {[%emt 0:00:02]} Ng8 {[%emt 0:00:04]} 33. Bb3 {[%emt 0:00:02]} Bd5 {[%emt 0:00:04]} 34. Nf4 {[%emt 0:00:05]} Bxb3 {[%emt 0:00:01]} 35. axb3 {[%emt 0:00:02]} d3 {[%emt 0:00:01]} 36. Ng6+ {[%emt 0:00:01]} Kh7 {[%emt 0:00:01]} 37. Nf8+ {[%emt 0:00:01]} Kh8 {[%emt 0:00:01]} 38. Ng6+ {[%emt 0:00:02]} Kh7 {[%emt 0:00:01]} 39. Nf8+ {[%emt 0:00:03]} Kh8 {[%emt 0:00:01]} 40. Nxd7 {[%emt 0:00:02]} d2 {[%emt 0:00:01]} 41. Nf8 {[%emt 0:00:07]} d1=Q {[%emt 0:00:02]} 42. Ng6+ {[%emt 0:00:01]} Kh7 {[%emt 0:00:03]} 43. Nf8+ {[%emt 0:00:01]} Kh8 {[%emt 0:00:01]} 44. Ng6+ {[%emt 0:00:02]} Kh7 {[%emt 0:00:01]} 45. Nf8+ {[%emt 0:00:01]} Kh8 {[%emt 0:00:01] Threefold Rep Threefold Rep} 1/2-1/2

[Event "OeISM B U16"]
[Site "austriaU16b"]
[Date "2020.12.11"]
[Round "2"]
[White "LPOHNEMICH"]
[Black "CrushTheRush"]
[Result "0-1"]
[WhiteElo "1620"]
[BlackElo "1895"]
[Annotator "NA"]
[PlyCount "98"]
[EventDate "2020.12.11"]
[EventType "blitz"]

1. e4 {[%emt 0:00:03]} Nf6 {[%emt 0:00:04]} 2. e5 {[%emt 0:00:05]} Nd5 {[%emt 0:00:01]} 3. c4 {[%emt 0:00:01]} Nb6 {[%emt 0:00:01]} 4. d4 {[%emt 0:00:02]} d6 {[%emt 0:00:01]} 5. f4 {[%emt 0:00:08]} g6 {[%emt 0:00:01]} 6. Nf3 {[%emt 0:00:06]} Bg7 {[%emt 0:00:01]} 7. Nc3 {[%emt 0:00:04]} dxe5 {[%emt 0:00:03]} 8. fxe5 {[%emt 0:00:02]} Nc6 {[%emt 0:00:01]} 9. Bf4 {[%emt 0:00:06]} Bg4 {[%emt 0:00:02]} 10. d5 {[%emt 0:00:15]} Nxe5 {[%emt 0:00:05]} 11. Be2 {[%emt 0:00:14]} Nxf3+ {[%emt 0:00:03]} 12. Bxf3 {[%emt 0:00:09]} Bxf3 {[%emt 0:00:01]} 13. gxf3 {[%emt 0:00:09]} Qd7 {[%emt 0:00:05]} 14. c5 {[%emt 0:00:12]} Bxc3+ {[%emt 0:00:18]} 15. bxc3 {[%emt 0:00:02]} Nxd5 {[%emt 0:00:00]} 16. Bg3 {[%emt 0:00:10]} Nxc3 {[%emt 0:00:24]} 17. Qxd7+ {[%emt 0:00:09]} Kxd7 {[%emt 0:00:00]} 18. O-O {[%emt 0:00:14]} Ne2+ {[%emt 0:00:03]} 19. Kg2 {[%emt 0:00:02]} Nxg3 {[%emt 0:00:01]} 20. hxg3 {[%emt 0:00:00]} e6 {[%emt 0:00:02]} 21. Rfd1+ {[%emt 0:00:04]} Ke7 {[%emt 0:00:01]} 22. Rab1 {[%emt 0:00:03]} b6 {[%emt 0:00:02]} 23. cxb6 {[%emt 0:00:04]} axb6 {[%emt 0:00:00]} 24. Ra1 {[%emt 0:00:04]} Ra7 {[%emt 0:00:02]} 25. Rdc1 {[%emt 0:00:12]} Rha8 {[%emt 0:00:00]} 26. Rc2 {[%emt 0:00:01]} c5 {[%emt 0:00:01]} 27. Rb2 {[%emt 0:00:02]} h5 {[%emt 0:00:04]} 28. Kf2 {[%emt 0:00:02]} b5 {[%emt 0:00:01]} 29. Rxb5 {[%emt 0:00:06]} Rxa2+ {[%emt 0:00:01]} 30. Rxa2 {[%emt 0:00:01]} Rxa2+ {[%emt 0:00:00]} 31. Ke3 {[%emt 0:00:03]} Rc2 {[%emt 0:00:00]} 32. Rb7+ {[%emt 0:00:05]} Kf6 {[%emt 0:00:01]} 33. Kd3 {[%emt 0:00:04]} Rg2 {[%emt 0:00:01]} 34. g4 {[%emt 0:00:09]} hxg4 {[%emt 0:00:00]} 35. fxg4 {[%emt 0:00:01]} Rxg4 {[%emt 0:00:01]} 36. Rc7 {[%emt 0:00:03]} c4+ {[%emt 0:00:01]} 37. Kc3 {[%emt 0:00:01]} e5 {[%emt 0:00:01]} 38. Rc6+ {[%emt 0:00:04]} Kf5 {[%emt 0:00:01]} 39. Rc7 {[%emt 0:00:01]} f6 {[%emt 0:00:01]} 40. Rc6 {[%emt 0:00:02]} Rd4 {[%emt 0:00:01]} 41. Rc5 {[%emt 0:00:05]} g5 {[%emt 0:00:01]} 42. Rc6 {[%emt 0:00:01]} g4 {[%emt 0:00:01]} 43. Rxc4 {[%emt 0:00:02]} Rxc4+ {[%emt 0:00:01]} 44. Kxc4 {[%emt 0:00:00]} Kf4 {[%emt 0:00:01]} 45. Kd3 {[%emt 0:00:01]} e4+ {[%emt 0:00:00]} 46. Ke2 {[%emt 0:00:01]} e3 {[%emt 0:00:00]} 47. Kf1 {[%emt 0:00:02]} Kf3 {[%emt 0:00:01]} 48. Ke1 {[%emt 0:00:06]} e2 {[%emt 0:00:02]} 49. Kd2 {[%emt 0:00:01]} Kf2 {[%emt 0:00:00] LPOHNEMICH resigns} 0-1

[Event "OeISM B U16"]
[Site "austriaU16b"]
[Date "2020.12.11"]
[Round "2"]
[White "Stuevii"]
[Black "MGamer"]
[Result "1-0"]
[WhiteElo "1620"]
[BlackElo "1576"]
[Annotator "NA"]
[PlyCount "50"]
[EventDate "2020.12.11"]
[EventType "blitz"]

1. e4 {[%emt 0:00:05]} e6 {[%emt 0:00:02]} 2. d4 {[%emt 0:00:02]} d5 {[%emt 0:00:01]} 3. Nc3 {[%emt 0:00:02]} Nf6 {[%emt 0:00:04]} 4. e5 {[%emt 0:00:01]} Nfd7 {[%emt 0:00:01]} 5. f4 {[%emt 0:00:01]} c5 {[%emt 0:00:01]} 6. Nf3 {[%emt 0:00:02]} Nc6 {[%emt 0:00:01]} 7. Be3 {[%emt 0:00:02]} Be7 {[%emt 0:00:19]} 8. Qd2 {[%emt 0:00:05]} cxd4 {[%emt 0:00:07]} 9. Nxd4 {[%emt 0:00:02]} Nxd4 {[%emt 0:00:08]} 10. Bxd4 {[%emt 0:00:02]} f6 {[%emt 0:00:06]} 11. Bd3 {[%emt 0:00:05]} b6 {[%emt 0:00:15]} 12. O-O-O {[%emt 0:00:12]} f5 {[%emt 0:00:24]} 13. Rhg1 {[%emt 0:00:13]} Nc5 {[%emt 0:00:03]} 14. g4 {[%emt 0:00:18]} Ne4 {[%emt 0:01:16]} 15. Nxe4 {[%emt 0:00:09]} fxe4 {[%emt 0:00:00]} 16. Be2 {[%emt 0:00:08]} Qc7 {[%emt 0:00:07]} 17. f5 {[%emt 0:00:12]} exf5 {[%emt 0:00:19]} 18. gxf5 {[%emt 0:00:00]} Bxf5 {[%emt 0:00:03]} 19. Rxg7 {[%emt 0:00:04]} Bg6 {[%emt 0:00:02]} 20. e6 {[%emt 0:00:03]} O-O-O {[%emt 0:00:14]} 21. Bf6 {[%emt 0:00:20]} Rde8 {[%emt 0:00:05]} 22. Rxe7 {[%emt 0:00:04]} Rxe7 {[%emt 0:00:01]} 23. Bxh8 {[%emt 0:00:01]} Rxe6 {[%emt 0:00:04]} 24. Bg4 {[%emt 0:00:02]} Qd7 {[%emt 0:00:03]} 25. Qxd5 {[%emt 0:00:18]} Qe7 {[%emt 0:00:05] MGamer resigns} 1-0